| 000 -LEADER |
| fixed length control field |
01596cam a2200325 a 4500 |
| 001 - CONTROL NUMBER |
| control field |
14414451 |
| 003 - CONTROL NUMBER IDENTIFIER |
| control field |
OSt |
| 005 - DATE AND TIME OF LATEST TRANSACTION |
| control field |
20221228081051.0 |
| 008 - FIXED-LENGTH DATA ELEMENTS--GENERAL INFORMATION |
| fixed length control field |
060615r19971943flua c 000 1 eng |
| 010 ## - LIBRARY OF CONGRESS CONTROL NUMBER |
| LC control number |
2006277791 |
| 020 ## - INTERNATIONAL STANDARD BOOK NUMBER |
| International Standard Book Number |
9780152058227 |
| 040 ## - CATALOGING SOURCE |
| Original cataloging agency |
DLC |
| Transcribing agency |
DLC |
| Modifying agency |
DLC |
| -- |
KH8 |
| 082 00 - DEWEY DECIMAL CLASSIFICATION NUMBER |
| Classification number |
FIC TRA |
| Edition number |
22 |
| 100 1# - MAIN ENTRY--PERSONAL NAME |
| Personal name |
Travers, P. L. |
| Fuller form of name |
(Pamela Lyndon), |
| Dates associated with a name |
1899-1996. |
| Relator term |
Author |
| 245 10 - TITLE STATEMENT |
| Title |
Mary Poppins Opens The Door / |
| Statement of responsibility, etc. |
P.L. Travers ; illustrated by Mary Shepard and Agnes Sims. |
| 250 ## - EDITION STATEMENT |
| Edition statement |
1st Harcourt Young Classic/Odyssey Classic ed. |
| 260 ## - PUBLICATION, DISTRIBUTION, ETC. |
| Place of publication, distribution, etc. |
Orlando : |
| Name of publisher, distributor, etc. |
Harcourt, |
| Date of publication, distribution, etc. |
1997. |
| 300 ## - PHYSICAL DESCRIPTION |
| Extent |
269 p. : |
| Other physical details |
ill. ; |
| Dimensions |
20 cm. |
| 520 ## - SUMMARY, ETC. |
| Summary, etc. |
Mary Poppins returns to the Banks family in a rocket and involves the Banks children in more magical adventures including those with Peppermint Horses, the Marble Boy, and the Cat that Looked at the King. |
| 650 #1 - SUBJECT ADDED ENTRY--TOPICAL TERM |
| Topical term or geographic name entry element |
Fantasy. |
| 700 1# - ADDED ENTRY--PERSONAL NAME |
| Personal name |
Shepard, Mary, |
| Dates associated with a name |
1909- |
| Relator term |
ill. |
| 700 1# - ADDED ENTRY--PERSONAL NAME |
| Personal name |
Sims, Agnes, |
| Relator term |
ill. |
| 856 42 - ELECTRONIC LOCATION AND ACCESS |
| Materials specified |
Contributor biographical information |
| Uniform Resource Identifier |
<a href="http://www.loc.gov/catdir/enhancements/fy0662/2006277791-b.html">http://www.loc.gov/catdir/enhancements/fy0662/2006277791-b.html</a> |
| 856 42 - ELECTRONIC LOCATION AND ACCESS |
| Materials specified |
Publisher description |
| Uniform Resource Identifier |
<a href="http://www.loc.gov/catdir/enhancements/fy0662/2006277791-d.html">http://www.loc.gov/catdir/enhancements/fy0662/2006277791-d.html</a> |
| 856 41 - ELECTRONIC LOCATION AND ACCESS |
| Materials specified |
Sample text |
| Uniform Resource Identifier |
<a href="http://www.loc.gov/catdir/enhancements/fy0662/2006277791-s.html">http://www.loc.gov/catdir/enhancements/fy0662/2006277791-s.html</a> |
| 856 41 - ELECTRONIC LOCATION AND ACCESS |
| Materials specified |
Table of contents only |
| Uniform Resource Identifier |
<a href="http://www.loc.gov/catdir/enhancements/fy0662/2006277791-t.html">http://www.loc.gov/catdir/enhancements/fy0662/2006277791-t.html</a> |
| 906 ## - LOCAL DATA ELEMENT F, LDF (RLIN) |
| a |
7 |
| b |
cbc |
| c |
origcop |
| d |
2 |
| e |
ncip |
| f |
20 |
| g |
y-gencatlg |
| 942 ## - ADDED ENTRY ELEMENTS (KOHA) |
| Source of classification or shelving scheme |
|
| Koha item type |
Books - Fiction |